Normal view
MARC view
- INSTRUMENTS-ELECTRONIC
Entry Topical Term
001 - CONTROL NUMBER
- control field: 79670
003 - CONTROL NUMBER IDENTIFIER
- control field: NUST
005 - DATE AND TIME OF LATEST TRANSACTION
- control field: 20210628210514.0
008 - FIXED-LENGTH DATA ELEMENTS
- fixed length control field: 210628|| aca||aabn | a|a d
040 ## - CATALOGING SOURCE
- Original cataloging agency: NUST
- Transcribing agency: NUST
150 ## - HEADING--TOPICAL TERM
- Topical term or geographic name entry element: INSTRUMENTS-ELECTRONIC
670 ## - SOURCE DATA FOUND
- Source citation: Work cat.: (NUST): Macraf, Duncan Greenwood, Ivan.A Holdman, J.Vance 79669, Electronic instruments, 1948
